[Event "38. Rilton Cup 2008/2009"]
[Site "Stockholm SWE"]
[Date "2008.12.27"]
[Round "1.36"]
[White "Vaarala, Eric"]
[Black "Hammar, Ulf"]
[Result "1/2-1/2"]
[WhiteElo "1880"]
[BlackElo "2197"]
[PlyCount "107"]
[EventDate "2008.12.27"]
[EventType "swiss"]
[EventRounds "9"]
[EventCountry "SWE"]
[Source "lmi"]
[SourceDate "2008.12.27"]

1. e4 e6 2. d4 d5 3. Nc3 Bb4 4. e5 b6 5. a3 Bxc3+ 6. bxc3 Qd7 7. a4 Nc6 8. Nf3
Bb7 9. Bd3 O-O-O 10. Qe2 Na5 11. Nd2 Ne7 12. Nb3 Nc4 13. a5 Kb8 14. O-O Qc6 15.
a6 Ba8 16. Bg5 Rde8 17. Rfb1 Kc8 18. f3 h6 19. Bxe7 Rxe7 20. Bxc4 Qxc4 21. Qxc4
dxc4 22. Nd2 f5 23. Nxc4 g5 24. Ne3 h5 25. Re1 f4 26. Nc4 g4 27. Nd2 Rg7 28.
Kf2 h4 29. Rg1 h3 30. g3 gxf3 31. Nf1 Rhg8 32. c4 Kd7 33. Rd1 Rg5 34. c3 Ke7
35. Nd2 fxg3+ 36. Rxg3 Rxg3 37. hxg3 c5 38. Rh1 Rh8 39. g4 cxd4 40. cxd4 h2 41.
Nf1 Be4 42. Ke3 Bc6 43. Rxh2 Rxh2 44. Nxh2 b5 45. cxb5 Bxb5 46. Nxf3 Bxa6 47.
Nd2 Kf7 48. Ne4 Kg6 49. Nf6 Bc4 50. d5 exd5 51. Kd4 a5 52. Nxd5 Bb3 53. Kc5 a4
54. Nc3 1/2-1/2

[Event "38. Rilton Cup 2008/2009"]
[Site "Stockholm SWE"]
[Date "2008.12.28"]
[Round "2.1"]
[White "Kuzubov, Yuriy"]
[Black "Furhoff, Johan"]
[Result "1-0"]
[WhiteElo "2622"]
[BlackElo "2405"]
[PlyCount "81"]
[EventDate "2008.12.27"]
[EventType "swiss"]
[EventRounds "9"]
[EventCountry "SWE"]
[Source "lmi"]
[SourceDate "2008.12.27"]

1. d4 d5 2. c4 c6 3. Nf3 Nf6 4. e3 g6 5. Nc3 Bg7 6. Bd3 O-O 7. O-O Bg4 8. h3
Bxf3 9. Qxf3 e6 10. Rd1 Nbd7 11. b3 Re8 12. Bb2 Qe7 13. Bf1 e5 14. cxd5 e4 15.
Qg3 Nxd5 16. Nxd5 cxd5 17. Rac1 Rac8 18. Rc7 Rxc7 19. Qxc7 Nb6 20. Rc1 Bf8 21.
Qxe7 Rxe7 22. a4 Na8 23. Rc8 Nb6 24. Rc5 Re6 25. Rc1 Bb4 26. a5 Bxa5 27. Ba3
Bd2 28. Rc7 Rc6 29. Rxb7 Rc2 30. Bd6 Be1 31. Bg3 f5 32. h4 f4 33. Bxf4 Bxf2+
34. Kh2 Rc3 35. Be2 h5 36. Bb5 Bxh4 37. Be8 Nc8 38. Bf7+ Kh8 39. Bxg6 Bf6 40.
Bxh5 Ne7 41. g4 1-0

[Event "38. Rilton Cup 2008/2009"]
[Site "Stockholm SWE"]
[Date "2008.12.28"]
[Round "2.2"]
[White "Tikkanen, Hans"]
[Black "Wojtaszek, Radoslaw"]
[Result "0-1"]
[WhiteElo "2415"]
[BlackElo "2599"]
[PlyCount "80"]
[EventDate "2008.12.27"]
[EventType "swiss"]
[EventRounds "9"]
[EventCountry "SWE"]
[Source "lmi"]
[SourceDate "2008.12.27"]

1. d4 Nf6 2. c4 e6 3. Nc3 Bb4 4. Nf3 b6 5. Bg5 h6 6. Bh4 g5 7. Bg3 Ne4 8. Qc2
Bb7 9. e3 Bxc3+ 10. bxc3 Nxg3 11. fxg3 g4 12. Ne5 h5 13. Bd3 Qg5 14. O-O f5 15.
Bxf5 exf5 16. Rxf5 Qxe3+ 17. Rf2 Rf8 18. Qg6+ Kd8 19. Raf1 Kc8 20. Qd3 Rxf2 21.
Rxf2 Qc1+ 22. Rf1 Qa3 23. Qf5 Bc6 24. Qf8+ Qxf8 25. Rxf8+ Kb7 26. d5 Ba4 27.
Rh8 Na6 28. Rxh5 Re8 29. Nxg4 Bd1 30. Rg5 Nc5 31. Re5 Rxe5 32. Nxe5 d6 33. Nf3
Ne4 34. g4 Be2 35. g5 Bxc4 36. h4 Bxa2 37. h5 Bb1 38. g4 a5 39. Nd2 Nxd2 40. g6
Nf3+ 0-1

[Event "38. Rilton Cup 2008/2009"]
[Site "Stockholm SWE"]
[Date "2008.12.28"]
[Round "2.4"]
[White "Semcesen, Daniel"]
[Black "Hillarp Persson, Tiger"]
[Result "0-1"]
[WhiteElo "2402"]
[BlackElo "2543"]
[PlyCount "54"]
[EventDate "2008.12.27"]
[EventType "swiss"]
[EventRounds "9"]
[EventCountry "SWE"]
[Source "lmi"]
[SourceDate "2008.12.27"]

1. d4 d5 2. c4 c6 3. Nf3 Nf6 4. Qb3 e6 5. Bg5 h6 6. Bh4 a5 7. a3 a4 8. Qc2 Qa5+
9. Nbd2 dxc4 10. Qxc4 g5 11. Bg3 Ne4 12. Be5 f6 13. Bxb8 Rxb8 14. Qc2 Nxd2 15.
Qg6+ Ke7 16. Nxd2 Bd7 17. Qd3 c5 18. d5 exd5 19. Qxd5 Be6 20. Qf3 Bg7 21. e4 g4
22. Qe3 h5 23. Rc1 Bh6 24. Rxc5 Qb6 25. Qc3 Rbc8 26. Rxc8 Rxc8 27. Nc4 Qc5 0-1

[Event "38. Rilton Cup 2008/2009"]
[Site "Stockholm SWE"]
[Date "2008.12.28"]
[Round "2.5"]
[White "Ulibin, Mikhail"]
[Black "Berczes, Csaba"]
[Result "0-1"]
[WhiteElo "2521"]
[BlackElo "2399"]
[PlyCount "96"]
[EventDate "2008.12.27"]
[EventType "swiss"]
[EventRounds "9"]
[EventCountry "SWE"]
[Source "lmi"]
[SourceDate "2008.12.27"]

1. d4 Nf6 2. c4 e6 3. g3 Bb4+ 4. Bd2 Qe7 5. Nf3 Nc6 6. Nc3 Bxc3 7. Bxc3 Ne4 8.
Rc1 O-O 9. Bg2 a5 10. O-O Nxc3 11. Rxc3 d6 12. d5 Nb4 13. a3 Na6 14. dxe6 fxe6
15. Nd4 c6 16. f4 Bd7 17. Re3 Rf6 18. Qd2 Qd8 19. Nf3 Qb6 20. Kh1 a4 21. Ng5 d5
22. cxd5 cxd5 23. f5 d4 24. Rxe6 Bxe6 25. Nxe6 Re8 26. Bd5 Kh8 27. Rf4 Nc7 28.
Qxd4 Nxd5 29. Qxd5 Qxb2 30. Qd7 Rg8 31. Qd3 Qe5 32. Kg2 b5 33. Nd4 Rd8 34. e3
Qd5+ 35. Kg1 Qc4 36. Qxc4 bxc4 37. Rf2 Rb6 38. Rc2 Rc8 39. Kf2 c3 40. Ke2 Rb3
41. Kd3 Rxa3 42. Nb5 Rb3 43. Nd4 Rb1 44. e4 a3 45. e5 a2 46. Rxa2 Rd1+ 47. Ke3
Rxd4 48. Kxd4 c2 0-1

[Event "38. Rilton Cup 2008/2009"]
[Site "Stockholm SWE"]
[Date "2008.12.28"]
[Round "2.6"]
[White "Smith, Axel"]
[Black "Berczes, David"]
[Result "0-1"]
[WhiteElo "2391"]
[BlackElo "2514"]
[PlyCount "54"]
[EventDate "2008.12.27"]
[EventType "swiss"]
[EventRounds "9"]
[EventCountry "SWE"]
[Source "lmi"]
[SourceDate "2008.12.27"]

1. e4 e6 2. d4 d5 3. Nc3 Nf6 4. e5 Nfd7 5. f4 c5 6. Nf3 Nc6 7. Be3 Be7 8. Qd2
O-O 9. dxc5 Bxc5 10. O-O-O Qa5 11. Bxc5 Nxc5 12. h4 Bd7 13. Rh3 Rab8 14. h5 h6
15. Qe3 Rfc8 16. Nd4 b5 17. Ndxb5 Nb4 18. a3 Nxc2 19. Kxc2 Bxb5 20. Bxb5 Ne4
21. a4 a6 22. Qa7 Ra8 23. b4 Qxb4 24. Qd4 Qa3 25. Bf1 Rab8 26. Rc1 Qb3+ 27. Kd3
Rb4 0-1

[Event "38. Rilton Cup 2008/2009"]
[Site "Stockholm SWE"]
[Date "2008.12.28"]
[Round "2.7"]
[White "Engqvist, Thomas"]
[Black "Grandelius, Nils"]
[Result "0-1"]
[WhiteElo "2363"]
[BlackElo "2464"]
[PlyCount "110"]
[EventDate "2008.12.27"]
[EventType "swiss"]
[EventRounds "9"]
[EventCountry "SWE"]
[Source "lmi"]
[SourceDate "2008.12.27"]

1. d4 Nf6 2. c4 g6 3. Nc3 d5 4. Bg5 Ne4 5. Bh4 Nxc3 6. bxc3 dxc4 7. e3 Be6 8.
Rb1 b6 9. Nh3 Bh6 10. e4 c6 11. Ng5 Bxg5 12. Bxg5 Nd7 13. Be2 Nf6 14. Bf3 h6
15. Bf4 Qd7 16. Be5 g5 17. O-O O-O-O 18. Qa4 Kb7 19. Qb4 Rhe8 20. Rfe1 Bg4 21.
Bxg4 Nxg4 22. Bg3 h5 23. h4 gxh4 24. Bxh4 Qd6 25. Qxd6 Rxd6 26. f3 Nh6 27. Kf2
Rg6 28. Rh1 f5 29. Rbe1 Reg8 30. Rh2 e6 31. Kf1 fxe4 32. Rxe4 Nf5 33. Be1 a5
34. a4 R8g7 35. Bf2 Rh6 36. Re5 h4 37. Re4 Rgh7 38. Ke2 Rg7 39. Rg4 Rhg6 40.
Bxh4 Rxg4 41. fxg4 Rxg4 42. Bf2 Rg7 43. Kf3 Ne7 44. Rh6 Nd5 45. Be1 Rf7+ 46.
Kg3 b5 47. axb5 cxb5 48. Rxe6 a4 49. Re2 Re7 50. Rxe7+ Nxe7 51. Bd2 a3 52. Bc1
a2 53. Bb2 Nd5 54. Kf3 b4 55. Ke2 Nxc3+ 0-1

[Event "38. Rilton Cup 2008/2009"]
[Site "Stockholm SWE"]
[Date "2008.12.28"]
[Round "2.9"]
[White "Bellon Lopez, Juan Manuel"]
[Black "Sagit, Rauan"]
[Result "1/2-1/2"]
[WhiteElo "2440"]
[BlackElo "2314"]
[PlyCount "114"]
[EventDate "2008.12.27"]
[EventType "swiss"]
[EventRounds "9"]
[EventCountry "SWE"]
[Source "lmi"]
[SourceDate "2008.12.27"]

1. d4 d5 2. Nf3 Nf6 3. c4 c6 4. e3 g6 5. Nc3 Bg7 6. Be2 O-O 7. O-O Ne4 8. Qb3
dxc4 9. Bxc4 Nd6 10. Be2 Be6 11. Qc2 Bg4 12. h3 Bxf3 13. Bxf3 e5 14. dxe5 Bxe5
15. Rd1 Qe7 16. b3 Nb5 17. Nxb5 cxb5 18. Rb1 Nc6 19. a4 bxa4 20. bxa4 Rfc8 21.
Qb3 Rab8 22. Ba3 Qe8 23. Rd5 Rd8 24. Rbd1 Rxd5 25. Rxd5 a6 26. Bc5 b5 27. axb5
Rxb5 28. Qd3 Bc7 29. Bd6 Bxd6 30. Rxb5 Ne5 31. Rxe5 Qxe5 32. Qxa6 Kg7 33. g3 h5
34. Qc4 Qf6 35. Bd5 h4 36. gxh4 Qe5 37. Bxf7 Qh2+ 38. Kf1 Qxh3+ 39. Ke2 Be7 40.
Be8 Qf5 41. Qd4+ Bf6 42. Qc4 Kh6 43. f3 Kh5 44. Qc7 Kh6 45. e4 Qe6 46. Bf7 Qe5
47. Qxe5 Bxe5 48. Ke3 Bf6 49. h5 Kxh5 50. f4 Kh6 51. e5 Be7 52. Ke4 Kg7 53. Be8
Bh4 54. Bxg6 Kxg6 55. f5+ Kf7 56. Kd5 Be7 57. Kc6 Bf6 1/2-1/2

[Event "38. Rilton Cup 2008/2009"]
[Site "Stockholm SWE"]
[Date "2008.12.28"]
[Round "2.10"]
[White "Akbarinia, Sayed Arash"]
[Black "Hirneise, Tobias"]
[Result "1-0"]
[WhiteElo "2337"]
[BlackElo "2440"]
[PlyCount "89"]
[EventDate "2008.12.27"]
[EventType "swiss"]
[EventRounds "9"]
[EventCountry "SWE"]
[Source "lmi"]
[SourceDate "2008.12.27"]

1. Nf3 Nf6 2. c4 g6 3. g3 Bg7 4. Bg2 O-O 5. O-O d6 6. d4 Nc6 7. h3 a6 8. Be3 e6
9. Qc1 Re8 10. Bh6 Bh8 11. Rd1 e5 12. dxe5 Nxe5 13. Nxe5 Rxe5 14. Nc3 Rh5 15.
g4 Re5 16. Be3 h5 17. Bd4 Re8 18. g5 Nh7 19. Bxh8 Kxh8 20. h4 f6 21. f4 Bg4 22.
Qc2 c6 23. Rf1 Qb6+ 24. Kh2 f5 25. e4 Qd4 26. b3 Re7 27. Rae1 Rae8 28. Ne2 Qg7
29. Ng3 Nf8 30. Qd2 Re6 31. exf5 gxf5 32. Rxe6 Rxe6 33. Bh3 Qh7 34. Bxg4 hxg4
35. h5 Ng6 36. Qb2+ Kg8 37. Nxf5 Qxh5+ 38. Kg1 Qh8 39. Nh6+ Kh7 40. Qxh8+ Nxh8
41. Nxg4 Kg7 42. Nh6 Ng6 43. f5 Re2 44. fxg6 Rxa2 45. Rf6 1-0

[Event "38. Rilton Cup 2008/2009"]
[Site "Stockholm SWE"]
[Date "2008.12.28"]
[Round "2.12"]
[White "Kopasov, Alexander"]
[Black "Huschenbeth, Niclas"]
[Result "0-1"]
[WhiteElo "2109"]
[BlackElo "2417"]
[PlyCount "92"]
[EventDate "2008.12.27"]
[EventType "swiss"]
[EventRounds "9"]
[EventCountry "SWE"]
[Source "lmi"]
[SourceDate "2008.12.27"]

1. d4 Nf6 2. c4 c5 3. d5 e6 4. Nc3 exd5 5. cxd5 d6 6. e4 g6 7. Nf3 Bg7 8. Nd2
Nbd7 9. Nc4 Nb6 10. Bf4 Nxc4 11. Bxc4 O-O 12. f3 Nh5 13. Be3 f5 14. O-O f4 15.
Bf2 Be5 16. Rb1 g5 17. Qc2 a6 18. b4 b5 19. Be2 Qf6 20. Rfc1 c4 21. a4 Bd7 22.
Ra1 Ng7 23. Ra3 h5 24. Rca1 g4 25. Kh1 Rae8 26. Rc1 a5 27. Rb1 Nf5 28. Nxb5
axb4 29. Rxb4 Ne3 30. Qc1 c3 31. Ra2 Qg5 32. Qg1 Kh8 33. Nd4 g3 34. Bxe3 gxh2
35. Qc1 Rg8 36. Bf1 fxe3 37. Ne2 h4 38. f4 Bxf4 39. Nxf4 Qxf4 40. Qxc3+ Kh7 41.
Bd3 Re5 42. Rb7 Rg7 43. Qe1 h3 44. Qf1 e2 45. Qxf4 hxg2+ 46. Kxh2 g1=Q# 0-1

[Event "38. Rilton Cup 2008/2009"]
[Site "Stockholm SWE"]
[Date "2008.12.28"]
[Round "2.13"]
[White "Cramling, Pia"]
[Black "Kantans, Toms"]
[Result "1-0"]
[WhiteElo "2550"]
[BlackElo "2146"]
[PlyCount "65"]
[EventDate "2008.12.27"]
[EventType "swiss"]
[EventRounds "9"]
[EventCountry "SWE"]
[Source "lmi"]
[SourceDate "2008.12.27"]

1. d4 e6 2. g3 c5 3. Nf3 cxd4 4. Nxd4 Nc6 5. Bg2 Bc5 6. Nb3 Be7 7. c4 Nf6 8.
Nc3 O-O 9. O-O a6 10. Bf4 b5 11. c5 Bb7 12. Qd2 Qc8 13. Rac1 Nb4 14. e4 Rd8 15.
Na5 Nc6 16. Nxb7 Qxb7 17. e5 b4 18. Na4 Ne8 19. Rfd1 Ra7 20. Nb6 Qc7 21. Qe3
Na5 22. h4 h6 23. h5 Qb8 24. Be4 Rc7 25. Bxh6 Bxc5 26. Rxc5 Qxb6 27. Rxc7 Qxc7
28. Bxg7 Nxg7 29. Qg5 d5 30. h6 f5 31. exf6 Nc4 32. h7+ Kh8 33. fxg7+ 1-0

[Event "38. Rilton Cup 2008/2009"]
[Site "Stockholm SWE"]
[Date "2008.12.28"]
[Round "2.14"]
[White "Gleizerov, Evgeny"]
[Black "Guenther, Oliver"]
[Result "1/2-1/2"]
[WhiteElo "2545"]
[BlackElo "1978"]
[PlyCount "85"]
[EventDate "2008.12.27"]
[EventType "swiss"]
[EventRounds "9"]
[EventCountry "SWE"]
[Source "lmi"]
[SourceDate "2008.12.27"]

1. d4 d5 2. c4 Bf5 3. Nf3 e6 4. Nc3 Nf6 5. Qb3 Nc6 6. Bg5 Na5 7. Qa4+ c6 8. c5
Be7 9. e3 b5 10. Nxb5 cxb5 11. Bxb5+ Kf8 12. Ne5 h6 13. Bh4 g5 14. Bg3 Ne4 15.
Rc1 Nxg3 16. hxg3 Qc7 17. b4 Nc4 18. Nxc4 dxc4 19. Bxc4 Be4 20. Kf1 Qb7 21. Rh2
a6 22. Qb3 Rb8 23. a3 Bc6 24. Qd3 Bb5 25. e4 Rd8 26. f4 Bf6 27. e5 Be7 28. Kf2
Kg7 29. Rhh1 h5 30. Rhd1 h4 31. f5 hxg3+ 32. Kxg3 exf5 33. d5 Rh4 34. Bxb5 axb5
35. Qxf5 Rxd5 36. c6 Qb6 37. Rf1 Qe3+ 38. Rf3 Qxc1 39. Qxf7+ Kh6 40. Qe6+ Kh5
41. Qf7+ Kh6 42. Qe6+ Kh5 43. Qf7+ 1/2-1/2

[Event "38. Rilton Cup 2008/2009"]
[Site "Stockholm SWE"]
[Date "2008.12.28"]
[Round "2.15"]
[White "Akesson, Ralf"]
[Black "Kockum, Anton Frisk"]
[Result "1/2-1/2"]
[WhiteElo "2484"]
[BlackElo "2252"]
[PlyCount "68"]
[EventDate "2008.12.27"]
[EventType "swiss"]
[EventRounds "9"]
[EventCountry "SWE"]
[Source "lmi"]
[SourceDate "2008.12.27"]

1. Nf3 Nf6 2. c4 e6 3. Nc3 Bb4 4. g3 b6 5. Bg2 Bb7 6. d3 O-O 7. O-O d6 8. e4
Bxc3 9. bxc3 Nbd7 10. Nd4 c5 11. Nc2 Ne8 12. Ne3 Rb8 13. d4 Kh8 14. f4 f5 15.
d5 exd5 16. cxd5 fxe4 17. c4 b5 18. cxb5 Ndf6 19. Qb3 a6 20. a4 axb5 21. axb5
Nc7 22. Rd1 Qe8 23. b6 Nb5 24. Bb2 Bc8 25. Nc4 Bd7 26. Re1 Qg6 27. Rad1 Rfe8
28. h3 h5 29. Kh2 Re7 30. Rf1 Qf5 31. Ne3 Qh7 32. Nc4 Qf5 33. Ne3 Qh7 34. Nc4
Qf5 1/2-1/2

[Event "38. Rilton Cup 2008/2009"]
[Site "Stockholm SWE"]
[Date "2008.12.28"]
[Round "2.16"]
[White "Forsberg, Viktor"]
[Black "Brynell, Stellan"]
[Result "1/2-1/2"]
[WhiteElo "2210"]
[BlackElo "2447"]
[PlyCount "88"]
[EventDate "2008.12.27"]
[EventType "swiss"]
[EventRounds "9"]
[EventCountry "SWE"]
[Source "lmi"]
[SourceDate "2008.12.27"]

1. e4 e6 2. d4 d5 3. Nc3 Nf6 4. Bg5 Bb4 5. exd5 Qxd5 6. Bxf6 Bxc3+ 7. bxc3 gxf6
8. Qd2 Nd7 9. c4 Qe4+ 10. Ne2 b6 11. f3 Qc6 12. Nc3 Ba6 13. Nb5 Bxb5 14. cxb5
Qd6 15. c3 Nf8 16. Bc4 Ng6 17. O-O O-O 18. f4 f5 19. Rf3 c5 20. bxc6 Qxc6 21.
Bb3 Rfd8 22. Qf2 Rac8 23. h4 h5 24. Re1 Qd6 25. Rg3 Kh7 26. Re5 Qa3 27. Qf3
Qc1+ 28. Kh2 Qxf4 29. Qxh5+ Qh6 30. Qxh6+ Kxh6 31. Re1 Rc7 32. Kh3 Rdc8 33. c4
Rd8 34. d5 Rd6 35. Rf3 f4 36. g3 fxg3 37. Kxg3 exd5 38. cxd5 Kg7 39. h5 Ne7 40.
Rd1 Rc5 41. Kh4 a5 42. Rg1+ Kf8 43. Rgf1 f5 44. a4 b5 1/2-1/2

[Event "38. Rilton Cup 2008/2009"]
[Site "Stockholm SWE"]
[Date "2008.12.28"]
[Round "2.17"]
[White "Blomqvist, Erik"]
[Black "Henriksson, Johan"]
[Result "1-0"]
[WhiteElo "2418"]
[BlackElo "2210"]
[PlyCount "108"]
[EventDate "2008.12.27"]
[EventType "swiss"]
[EventRounds "9"]
[EventCountry "SWE"]
[Source "lmi"]
[SourceDate "2008.12.27"]

1. e4 c6 2. d4 d5 3. Nc3 dxe4 4. Nxe4 Bf5 5. Ng3 Bg6 6. h4 h6 7. Nf3 Nd7 8. h5
Bh7 9. Bd3 Bxd3 10. Qxd3 Ngf6 11. Bf4 e6 12. O-O-O a5 13. Kb1 a4 14. Ne4 Nxe4
15. Qxe4 a3 16. b3 Nf6 17. Qd3 Qa5 18. Ne5 Nd5 19. Bd2 Bb4 20. c4 Nf6 21. Bxb4
Qxb4 22. g4 c5 23. dxc5 Qxc5 24. Nd7 Qe7 25. Nxf6+ gxf6 26. Qe3 Kf8 27. f4 Rd8
28. Rxd8+ Qxd8 29. Kc2 Kg7 30. Rg1 Qd6 31. Qd2 Qc6 32. g5 hxg5 33. fxg5 Qe4+
34. Kc3 Rxh5 35. gxf6+ Kxf6 36. Qd8+ Kf5 37. Rf1+ Kg4 38. Qg8+ Kh3 39. Rd1 Qg6
40. Qb8 Qf6+ 41. Kb4 Qe7+ 42. Ka4 Kg2 43. b4 e5 44. Qc8 f5 45. Rd7 Qf6 46.
Qxb7+ e4 47. c5 Qb2 48. Rg7+ Kf2 49. Qc7 Rh3 50. Qf4+ Rf3 51. Qh2+ Ke3 52. Rg2
Qc1 53. Rc2 Qd1 54. c6 Qd8 1-0

[Event "38. Rilton Cup 2008/2009"]
[Site "Stockholm SWE"]
[Date "2008.12.28"]
[Round "2.18"]
[White "Andersson, Fredrik"]
[Black "Kolbus, Dietmar"]
[Result "1/2-1/2"]
[WhiteElo "2235"]
[BlackElo "2414"]
[PlyCount "27"]
[EventDate "2008.12.27"]
[EventType "swiss"]
[EventRounds "9"]
[EventCountry "SWE"]
[Source "lmi"]
[SourceDate "2008.12.27"]

1. d4 Nf6 2. Nf3 b6 3. g3 Bb7 4. c4 e6 5. Bg2 Bb4+ 6. Bd2 Qe7 7. O-O Bxd2 8.
Qxd2 d6 9. Nc3 Ne4 10. Nxe4 Bxe4 11. Qe3 Bb7 12. c5 O-O 13. cxd6 Qxd6 14. Rac1
1/2-1/2

[Event "38. Rilton Cup 2008/2009"]
[Site "Stockholm SWE"]
[Date "2008.12.28"]
[Round "2.19"]
[White "Klovans, Janis"]
[Black "Eriksson, Jorgen"]
[Result "1/2-1/2"]
[WhiteElo "2411"]
[BlackElo "2217"]
[PlyCount "82"]
[EventDate "2008.12.27"]
[EventType "swiss"]
[EventRounds "9"]
[EventCountry "SWE"]
[Source "lmi"]
[SourceDate "2008.12.27"]

1. e4 e5 2. Nf3 Nc6 3. Bb5 a6 4. Ba4 Nf6 5. O-O b5 6. Bb3 Bc5 7. c3 d6 8. d4
Bb6 9. Bg5 h6 10. Bxf6 Qxf6 11. a4 Rb8 12. Na3 exd4 13. axb5 axb5 14. Nxb5 Bg4
15. Nbxd4 Nxd4 16. Ba4+ Kf8 17. cxd4 Bxf3 18. Qxf3 Qxf3 19. gxf3 Bxd4 20. Rac1
c5 21. b3 Ke7 22. Rfd1 Be5 23. Rd5 Rhc8 24. Rc4 g5 25. h3 Rc7 26. Kg2 f6 27.
Rd3 Rcb7 28. Kf1 Rb6 29. Ke2 Rf8 30. Kf1 f5 31. Kg2 fxe4 32. fxe4 Rf4 33. Rf3
Rxf3 34. Kxf3 h5 35. Rc2 Rb8 36. Kg2 Bd4 37. Rd2 Rb6 38. Rd3 Rb8 39. Bc6 Rf8
40. Rf3 Rxf3 41. Kxf3 Kf6 1/2-1/2

[Event "38. Rilton Cup 2008/2009"]
[Site "Stockholm SWE"]
[Date "2008.12.28"]
[Round "2.20"]
[White "Hammar, Ulf"]
[Black "Nithander, Victor"]
[Result "0-1"]
[WhiteElo "2197"]
[BlackElo "2365"]
[PlyCount "94"]
[EventDate "2008.12.27"]
[EventType "swiss"]
[EventRounds "9"]
[EventCountry "SWE"]
[Source "lmi"]
[SourceDate "2008.12.27"]

1. d4 Nf6 2. Bg5 e6 3. e4 h6 4. Bxf6 Qxf6 5. c3 d6 6. Bd3 e5 7. Ne2 g6 8. O-O
Bg7 9. f4 exd4 10. cxd4 Nc6 11. e5 dxe5 12. dxe5 Qe7 13. Nbc3 Be6 14. Bb5 O-O
15. Qa4 Nb8 16. Rad1 c6 17. Bd3 Nd7 18. Nd4 Nb6 19. Qc2 Bg4 20. Be2 Bxe2 21.
Qxe2 Rad8 22. Ne4 Nd5 23. Nc2 Rfe8 24. Ne3 Nxf4 25. Rxf4 Rxd1+ 26. Qxd1 Qxe5
27. Qd7 f5 28. Kh1 Qe7 29. Qd3 fxe4 30. Qb3+ Kh8 31. Rf7 Qc5 32. h4 Re7 33. Rf1
Qh5 34. g3 Qe2 35. Qa3 Re8 36. Qxa7 Qxb2 37. h5 gxh5 38. Qa5 Qc3 39. Qxh5 Qe5
40. Rf5 Qe7 41. Kg2 Ra8 42. Rf7 Rxa2+ 43. Kh3 Qe6+ 44. Nf5 Ra1 45. Kg4 e3 46.
Re7 Qc4+ 47. Kf3 Qd5+ 0-1

[Event "38. Rilton Cup 2008/2009"]
[Site "Stockholm SWE"]
[Date "2008.12.28"]
[Round "2.21"]
[White "Hanninger, Simon"]
[Black "Boric, Elena"]
[Result "1/2-1/2"]
[WhiteElo "2144"]
[BlackElo "2292"]
[PlyCount "82"]
[EventDate "2008.12.27"]
[EventType "swiss"]
[EventRounds "9"]
[EventCountry "SWE"]
[Source "lmi"]
[SourceDate "2008.12.27"]

1. e4 Nf6 2. e5 Nd5 3. Nc3 e6 4. Nge2 d6 5. Nxd5 exd5 6. d4 dxe5 7. dxe5 Bc5 8.
Bf4 c6 9. Qd2 Qb6 10. O-O-O Bxf2 11. Nc3 Bc5 12. Na4 Qb4 13. Nxc5 Qxc5 14. Be2
Be6 15. h4 Nd7 16. h5 h6 17. g4 a5 18. Rhg1 Qb4 19. Qe3 a4 20. g5 a3 21. b3
O-O-O 22. gxh6 gxh6 23. Bxh6 Rxh6 24. Qxh6 Qc3 25. Qf4 c5 26. Bg4 Nxe5 27.
Bxe6+ fxe6 28. Rg3 Qb2+ 29. Kd2 Nc6 30. Qe3 Qf6 31. Rg6 Qh4 32. Qxe6+ Kb8 33.
Rg4 Qxh5 34. Rg8 Qh2+ 35. Kc1 Qf4+ 36. Kb1 d4 37. Rxd8+ Nxd8 38. Qd5 Qc7 39.
Re1 Nf7 40. Rg1 Qe7 41. Qf5 Ka7 1/2-1/2

[Event "38. Rilton Cup 2008/2009"]
[Site "Stockholm SWE"]
[Date "2008.12.28"]
[Round "2.22"]
[White "Lindberg, Henrik"]
[Black "Vaarala, Eric"]
[Result "1/2-1/2"]
[WhiteElo "2287"]
[BlackElo "1880"]
[PlyCount "157"]
[EventDate "2008.12.27"]
[EventType "swiss"]
[EventRounds "9"]
[EventCountry "SWE"]
[Source "lmi"]
[SourceDate "2008.12.27"]

1. e4 e6 2. d4 d5 3. Nc3 Nf6 4. Bg5 Bb4 5. e5 h6 6. Bd2 Bxc3 7. bxc3 Ne4 8. Bd3
Nxd2 9. Qxd2 c5 10. Nf3 b6 11. O-O c4 12. Be2 g6 13. Qc1 Qe7 14. Nd2 Bd7 15. a4
Bc6 16. f4 h5 17. Bf3 Qc7 18. Qa3 Qe7 19. Qb2 Qc7 20. g3 Nd7 21. Qb4 Rc8 22. h3
Qd8 23. a5 b5 24. Kg2 Qe7 25. g4 hxg4 26. hxg4 Qxb4 27. cxb4 Ke7 28. Rh1 a6 29.
Kg3 Rcg8 30. c3 Nf8 31. Raf1 Nd7 32. Bd1 Kf8 33. Bc2 Ke7 34. Nf3 Nf8 35. Ng5
Rxh1 36. Rxh1 Be8 37. Rh6 Kd8 38. Kh4 Ke7 39. Bb1 Kd8 40. Bc2 Ke7 41. Kg3 Kd8
42. Bd1 Ke7 43. Bf3 Kd8 44. Bg2 Ke7 45. Bf1 Kd8 46. Bh3 Ke7 47. Kh4 Kd8 48. f5
Ke7 49. fxe6 fxe6 50. Bg2 Bd7 51. Bf3 Be8 52. Be2 Bd7 53. Bf3 Be8 54. Bd1 Bd7
55. Bc2 Be8 56. Bb1 Bd7 57. Bc2 Bc6 58. Nh3 Be8 59. Kg5 Rg7 60. Rh8 Rf7 61. Nf4
Nh7+ 62. Kh6 Rxf4 63. Rxh7+ Kd8 64. g5 Rf3 65. Bxg6 Rxc3 66. Bxe8 Kxe8 67. Kg7
Rg3 68. g6 Rf3 69. Rh8+ Ke7 70. Ra8 Rf4 71. Rxa6 Rxd4 72. Ra7+ Kd8 73. Kf6 c3
74. Kxe6 c2 75. Kd6 c1=Q 76. Ra8+ Qc8 77. Rxc8+ Kxc8 78. Ke7 Rg4 79. Kf7
1/2-1/2

[Event "38. Rilton Cup 2008/2009"]
[Site "Stockholm SWE"]
[Date "2008.12.28"]
[Round "2.23"]
[White "Stips, Felix"]
[Black "Johansson, Gunnar"]
[Result "1/2-1/2"]
[WhiteElo "2105"]
[BlackElo "2261"]
[PlyCount "45"]
[EventDate "2008.12.27"]
[EventType "swiss"]
[EventRounds "9"]
[EventCountry "SWE"]
[Source "lmi"]
[SourceDate "2008.12.27"]

1. Nf3 d5 2. d4 Nf6 3. c4 e6 4. Nc3 dxc4 5. e3 a6 6. Bxc4 c5 7. a4 Nc6 8. O-O
Be7 9. dxc5 Qxd1 10. Rxd1 Bxc5 11. Nd4 Na5 12. Nb3 Nxb3 13. Bxb3 b6 14. Bd2 Bb7
15. a5 b5 16. Na2 Ke7 17. Bb4 Rac8 18. Rac1 Bxb4 19. Nxb4 Ne4 20. Bc2 Nd6 21.
Bd3 h6 22. f3 Rhd8 23. b3 1/2-1/2

[Event "38. Rilton Cup 2008/2009"]
[Site "Stockholm SWE"]
[Date "2008.12.28"]
[Round "2.24"]
[White "Maki-Uuro, Miikka"]
[Black "Krantz, Christopher"]
[Result "1/2-1/2"]
[WhiteElo "2382"]
[BlackElo "2084"]
[PlyCount "50"]
[EventDate "2008.12.27"]
[EventType "swiss"]
[EventRounds "9"]
[EventCountry "SWE"]
[Source "lmi"]
[SourceDate "2008.12.27"]

1. Nf3 Nf6 2. c4 c5 3. Nc3 d5 4. cxd5 Nxd5 5. d4 cxd4 6. Qxd4 Nxc3 7. Qxc3 Nc6
8. e4 e6 9. Bb5 Qb6 10. Bxc6+ Qxc6 11. Qxc6+ bxc6 12. O-O Bb7 13. Be3 Be7 14.
Rac1 c5 15. Nd2 Rd8 16. f3 O-O 17. Nb3 Ba6 18. Rfd1 Rxd1+ 19. Rxd1 c4 20. Na5
Bf6 21. Bd4 Rd8 22. Nc6 Rd6 23. e5 Rxc6 24. exf6 Rd6 25. Rd2 gxf6 1/2-1/2

[Event "38. Rilton Cup 2008/2009"]
[Site "Stockholm SWE"]
[Date "2008.12.28"]
[Round "2.25"]
[White "Adler, Bo"]
[Black "Hedman, Erik"]
[Result "1/2-1/2"]
[WhiteElo "2218"]
[BlackElo "2353"]
[PlyCount "131"]
[EventDate "2008.12.27"]
[EventType "swiss"]
[EventRounds "9"]
[EventCountry "SWE"]
[Source "lmi"]
[SourceDate "2008.12.27"]

1. d4 Nf6 2. c4 c5 3. d5 e6 4. Nc3 exd5 5. cxd5 d6 6. e4 g6 7. f4 Bg7 8. Bb5+
Nfd7 9. Bd3 Qh4+ 10. g3 Qd8 11. Nf3 O-O 12. O-O Nf6 13. Kg2 Bg4 14. h3 Bxf3+
15. Qxf3 Nbd7 16. g4 h6 17. Bd2 a6 18. Rae1 Ne8 19. e5 dxe5 20. fxe5 Nxe5 21.
Rxe5 Bxe5 22. Bxg6 Nd6 23. Bc2 Qh4 24. Be1 Qg5 25. Ne4 Nxe4 26. Qxe4 Qg7 27.
Bh4 Rae8 28. Qd3 Bd4 29. d6 f6 30. b4 Re3 31. Qf5 Re2+ 32. Kh1 Re5 33. Qd3 Re3
34. Qf5 Rxh3+ 35. Kg2 Rxh4 36. Kg3 Rxg4+ 37. Qxg4 Be5+ 38. Kh3 Qxg4+ 39. Kxg4
Bxd6 40. Rd1 f5+ 41. Bxf5 Rf6 42. bxc5 Bxc5 43. Rd8+ Bf8 44. Be4 b6 45. Bd5+
Kh8 46. Rc8 a5 47. Rc6 Bd6 48. Rxb6 Kg7 49. Rb7+ Kf8 50. Ra7 Rf4+ 51. Kh3 Bb4
52. Rh7 Rd4 53. Rf7+ Ke8 54. Rf5 Ke7 55. Bb3 Re4 56. Rf7+ Kd8 57. Rh7 Bd2 58.
Ra7 Re5 59. Rh7 Bg5 60. Rf7 Be7 61. Rf3 Kc7 62. a4 h5 63. Bc4 Re4 64. Bb5 Rd4
65. Rc3+ Kd6 66. Rd3 1/2-1/2